000 00860nam a2200229 a 4500
001 64767
003 BD-RjUL
005 20211209081340.0
008 170220s1996 bg ||||| |||| 00| 0 eng d
020 _a9844013690
_cTk.100.00
035 _a(BD-RjUL)64897
040 _aBD-RjUL
_bben
_cBD-RjUL
041 _aben
082 _223
_a954.92
_bGUI 1996
100 1 _a গুপ্ত, সন্তোষ
_9170417
245 0 1 _aইতিহাসের ছায়াচ্ছন্ন প্রহর ও বঙ্গবন্ধু /
_cসন্তোষ গুপ্ত
260 _aঢাকা :
_bআগামী প্রকাশনী,
_c১৯৯৬ [১৪০৩].
300 _a১৬০ পৃ. ;
_c২৩ সেমি.
651 _aবাংলাদেশ
_vইতিহাস
_9171569
651 _aBangladesh
_vHistory
_9171570
942 _2ddc
_cBK
999 _c64767
_d64767